书目信息 |
| 题名: |
二维构成设计
|
|
| 作者: | 裴恋 , 刘霞 , 罗高生 编著 | |
| 分册: | ||
| 出版信息: | 合肥 合肥工业大学出版社 2014.06 |
|
| 页数: | 158页 | |
| 开本: | 27cm | |
| 丛书名: | 高等院校“十二五”应用型艺术设计教育系列规划教材 | |
| 单 册: | ||
| 中图分类: | J061 | |
| 科图分类: | ||
| 主题词: | 平面构成 (艺术)--ping mian gou cheng ( yi shu )--设计--高等学校--教材 | |
| 电子资源: | ||
| ISBN: | 978-7-5650-1837-4 | |
| 000 | 01192nam 2200301 450 | |
| 001 | CAL 0120141412312 | |
| 005 | 20150623155333.00 | |
| 010 | @a978-7-5650-1837-4@dCNY55.00 | |
| 100 | @a20141028d2014 em y0chiy50 ea | |
| 101 | 0 | @achi |
| 102 | @aCN@b340000 | |
| 105 | @aa a 000yy | |
| 106 | @ar | |
| 200 | 1 | @a二维构成设计@Aer wei gou cheng she ji@f罗高生, 裴恋, 刘霞编著 |
| 210 | @a合肥@c合肥工业大学出版社@d2014.06 | |
| 215 | @a158页@c图 (部分彩图)@d27cm | |
| 225 | 2 | @a高等院校“十二五”应用型艺术设计教育系列规划教材@Agao deng yuan xiao “ shi er wu ” ying yong xing yi shu she ji jiao yu xi lie gui hua jiao cai |
| 320 | @a有书目 | |
| 330 | @a本书对二维构成设计的基础理论作了系统的梳理、归纳和总结, 特别是对二维构成设计的方法和原则进行了科学的概括。系统阐述了平面构成的基础理论与基本知识。 | |
| 410 | 0 | @12001 @a高等院校“十二五”应用型艺术设计教育系列规划教材 |
| 586 | @a | |
| 606 | 0 | @a平面构成 (艺术)@Aping mian gou cheng ( yi shu )@x设计@x高等学校@j教材 |
| 690 | @aJ061@v5 | |
| 701 | 0 | @a裴恋@Apei lian@4编著 |
| 701 | 0 | @a刘霞@Aliu xia@4编著 |
| 701 | 0 | @a罗高生@Aluo gao sheng@4编著 |
| 801 | 0 | @aCN@c20150820 |
| 905 | @a河南城建学院图书馆@dJ061@eL930@f3 | |
| 二维构成设计/罗高生, 裴恋, 刘霞编著.-合肥:合肥工业大学出版社,2014.06 |
| 158页:图 (部分彩图);27cm.-(高等院校“十二五”应用型艺术设计教育系列规划教材) |
| ISBN 978-7-5650-1837-4:CNY55.00 |
| 本书对二维构成设计的基础理论作了系统的梳理、归纳和总结, 特别是对二维构成设计的方法和原则进行了科学的概括。系统阐述了平面构成的基础理论与基本知识。 |
| ● |
| 相关链接 |
|
|
|
正题名:二维构成设计
索取号:J061/L930
 
预约/预借
| 序号 | 登录号 | 条形码 | 馆藏地/架位号 | 状态 | 备注 |
| 1 | 1160861 | 211608615 | 社科库309/309社科库 63排4列2层/ [索取号:J061/L930] | 在馆 | |
| 2 | 1160862 | 211608624 | 社科库309/309社科库 63排4列2层/ [索取号:J061/L930] | 在馆 | |
| 3 | 1160863 | 211608633 | 社科二线400B/400B社科库 3排4列1层/ [索取号:J061/L930] | 在馆 |